00880 2200313 4500001002100000005001500021035002000036007000300056008004100059020002200100082001600122084001800138100003600156245009800192250002600290260002800316300002500344650001900369650001600388700002000404040001700424850001200441041000800453504003300461990001800494990001800512990001800530990001800548INLIS00000000081750520181029100720 a0010-1018000385ta181024s2017 yoi g ind d a978-602-300-384-604223a297.577 a297.577 MOH r0 aMohammad Wifaqul Idaini,d1992-15aRahasia amalan suami istri pembawa rezeki /cMohammad Wifaqul Idaini; editor, Fita Nur Arifah aCetakan I, April 20173 aBantul :bAraska,c2017 a223 halaman ;c21 cm 4aKeluarga Islam 4aSuami istri0 aFita Nur Arifah aYOPDYOGbind aYOPDYOG0 aind aBibliografi: halaman 220-222 a33689-PD/B.18 a33690-PD/B.18 a33691-PD/B.18 a33692-PD/B.18